00610cam a2200205 a 4500001000800000005001700008008004100025010001700066020001500083035002000098040003000118041000800148042001400156080001200170082001700182100000700199101000800206245012600214504006400340309424920180309090304.0931130s1994 miuab b 001 0 eng d a 98132817  a0810394510 a(OCoLC)29404506 aTxLTcTxLTdWUdMs-CdDLC aeng alccopycat a500 DET00a500 DET221  a11 aBIO04aThe handy science answer book /ccompiled by the Science and Technology Department of the Carnegie Library of Pittsburgh. aIncludes bibliographical references (p. 449-472) and index.